书目信息 |
| 题名: |
人工智能与数据处理基础实验实训教程
|
|
| 作者: | 张承德 , 杨璠 主编 | |
| 分册: | ||
| 出版信息: | 北京 清华大学出版社 2021.4 |
|
| 页数: | 127页 | |
| 开本: | 26cm | |
| 丛书名: | 计算机技术入门丛书 | |
| 单 册: | ||
| 中图分类: | TP18 , TP274 | |
| 科图分类: | ||
| 主题词: | 人工智能--实验--高等学校--教材 , 数据处理--实验--高等学校--教材 | |
| 电子资源: | ||
| ISBN: | 978-7-302-57607-5 | |
| 000 | 01538nam0 2200337 45 | |
| 001 | 012001002778 | |
| 005 | 20141008133443.0 | |
| 010 | @a978-7-302-57607-5@dCNY49.90 | |
| 100 | @a20210419d2021 em y0chiy50 ea | |
| 101 | 0 | @achi |
| 102 | @aCN@b110000 | |
| 105 | @ay z 000yy | |
| 106 | @ar | |
| 200 | 1 | @a人工智能与数据处理基础实验实训教程@Aren gong zhi neng yu shu ju chu li ji chu shi yan shi xun jiao cheng@b专著@dExperiment and training course of artificial intelligence and data processing fundamentals@f张承德,杨璠主编@zeng |
| 210 | @a北京@c清华大学出版社@d2021.4 | |
| 215 | @a127页@d26cm | |
| 225 | 1 | @a计算机技术入门丛书@i人工智能 |
| 300 | @a21世纪高等学校通识教育规划教材 | |
| 300 | @a并列题名:Experiment and training course of artificial intelligence and data processing fundamentals | |
| 330 | @a本书以智能数据分析技术及其应用路线为核心,通过翔实的案例和习题,介绍数据存储设计与Access数据库管理、数据存储中的表与关系、查询、数据分析语言——Python、数值数据智能分析技术、文本数据智能分析技术和人工智能数据分析方法。 | |
| 461 | 0 | @12001 @a计算机技术入门丛书 |
| 462 | 0 | @12001 @a人工智能 |
| 510 | 1 | @aExperiment and training course of artificial intelligence and data processing fundamentals@zeng |
| 606 | 0 | @a人工智能@x实验@x高等学校@j教材 |
| 606 | 0 | @a数据处理@x实验@x高等学校@j教材 |
| 690 | @aTP18@v5 | |
| 690 | @aTP274@v5 | |
| 701 | 0 | @a张承德@Azhang cheng de@f(1982~)@4主编 |
| 701 | 0 | @a杨璠@Ayang fan@c(计算机)@4主编 |
| 801 | 2 | @aCN@bBJSDL@c20211018 |
| 905 | @b1344848-51@dTP18@e307@f4 | |
| 人工智能与数据处理基础实验实训教程=Experiment and training course of artificial intelligence and data processing fundamentals/张承德,杨璠主编.-北京:清华大学出版社,2021.4 |
| 127页;26cm.-(计算机技术入门丛书.人工智能) |
| 21世纪高等学校通识教育规划教材.-并列题名:Experiment and training course of artificial intelligence and data processing fundamentals |
| ISBN 978-7-302-57607-5:CNY49.90 |
| 本书以智能数据分析技术及其应用路线为核心,通过翔实的案例和习题,介绍数据存储设计与Access数据库管理、数据存储中的表与关系、查询、数据分析语言——Python、数值数据智能分析技术、文本数据智能分析技术和人工智能数据分析方法。 |
| ● |
| 相关链接 |
|
|
|
|
正题名:人工智能与数据处理基础实验实训教程
索取号:TP18/307
 
预约/预借
| 序号 | 登录号 | 条形码 | 馆藏地/架位号 | 状态 | 备注 |
| 1 | 1344848 | 213448483 | 第二样本阅览室/ [索取号:TP18/307] | 在馆 | |
| 2 | 1344849 | 213448492 | 第三借阅区/ [索取号:TP18/307] | 在馆 | |
| 3 | 1344850 | 213448508 | 第三借阅区/ [索取号:TP18/307] | 在馆 | |
| 4 | 1344851 | 213448517 | 第三借阅区/ [索取号:TP18/307] | 在馆 |